Statistiques concernant Clubs de Süper Lig 2023 / 2024

Cliquez ici pour prendre le quiz!

Statistiques générales

  • Ce quiz a été pris 118 fois
  • Le résultat moyen est 18 sur 21

Statistiques - réponses

Réponse% Correct
Beşiktaş JK
100%
Galatasaray
100%
Fenerbahçe
99%
Trabzonspor
97%
Sivasspor
95%
Adana Demirspor
91%
Antalyaspor
91%
Konyaspor
89%
Alanyaspor
88%
İstanbul Başakşehir
86%
Ankaragücü
85%
Istanbulspor
84%
Kayserispor
84%
Hatayspor
82%
Gazişehir Gaziantep
80%
Kasımpaşa SK
80%
Pendikspor
79%
Göztepe
78%
Rizespor
78%
Fatih Karagümrük SK
77%
Samsunspor
70%

Distribution des résultats

Percentile par nombre de réponses

% des personnes avec chaque résultat

Votre développement - résultats

Vous n’avez pas pris ce quiz